[Event "DEN-ch cand"]
[Site "Svendborg"]
[Date "2019.04.21"]
[Round "6"]
[White "Christensen, Lars"]
[Black "Nilssen, Ellen Fredericia"]
[Result "0-1"]
[WhiteElo "2042"]
[BlackElo "2048"]
[PlyCount "72"]
[EventDate "2019.04.16"]
[EventType "swiss"]
[EventRounds "7"]
[EventCountry "DEN"]
[SourceTitle "EXT 2020"]
[Source "ChessBase"]
[SourceDate "2019.10.17"]
[SourceVersion "1"]
[SourceVersionDate "2019.10.17"]
[SourceQuality "1"]

1. d4 Nf6 2. Nf3 g6 3. h4 d5 4. Bf4 Bg7 5. Nbd2 b6 6. c3 0-0 7. e3 c5 8. Bd3 Bb7 9. Ne5 Nc6 10. g4 Nd7 11. Nxc6 Bxc6 12. Nf3 Re8 13. Be2 e5 14. dxe5 Nxe5 15. Nxe5 Bxe5 16. Bxe5 Rxe5 17. Bf3 Qd6 18. Qe2 d4 19. 0-0-0 Qf6 20. cxd4 cxd4 21. Bxc6 Qxc6+ 22. Kb1 Qe4+ 23. Qd3 dxe3 24. fxe3 Qxg4 25. h5 Rae8 26. hxg6 hxg6 27. Rhe1 Qe4 28. Kc2 Qa4+ 29. Kb1 Rxe3 30. Rxe3 Rxe3 31. Qd8+ Kg7 32. a3 Qe4+ 33. Ka2 Re2 34. Qd7 Qe6+ 35. Kb1 Qxd7 36. Rxd7 a5 0-1

[Event "DEN-ch cand"]
[Site "Svendborg"]
[Date "2019.04.20"]
[Round "5"]
[White "Thorsbro, Peter"]
[Black "Christensen, Lars"]
[Result "1/2-1/2"]
[WhiteElo "2116"]
[BlackElo "2042"]
[PlyCount "138"]
[EventDate "2019.04.16"]
[EventType "swiss"]
[EventRounds "7"]
[EventCountry "DEN"]
[SourceTitle "EXT 2020"]
[Source "ChessBase"]
[SourceDate "2019.10.17"]
[SourceVersion "1"]
[SourceVersionDate "2019.10.17"]
[SourceQuality "1"]

1. d4 Nf6 2. c4 c5 3. d5 b5 4. cxb5 Bb7 5. Nc3 e6 6. e4 Qa5 7. Bd2 Qb6 8. Bc4 Nxe4 9. Nf3 Nxc3 10. Bxc3 exd5 11. Bxd5 Bxd5 12. Qxd5 Qe6+ 13. Qxe6+ dxe6 14. 0-0-0 Nd7 15. Ne5 Nxe5 16. Bxe5 f6 17. Bd6 0-0-0 18. Bxf8 Rhxf8 19. Kc2 Kc7 20. Rxd8 Rxd8 21. Re1 e5 22. a4 Rd4 23. b3 Kb6 24. Kc3 a6 25. bxa6 Kxa6 26. Re3 Kb6 27. Rg3 Rd7 28. h4 h5 29. Rf3 Rd6 30. Rg3 Rd7 31. Rg6 Kc6 32. g4 hxg4 33. h5 Kd5 34. Rxg4 Kc6 35. Rg1 Rb7 36. Rg6 Kd5 37. Rg3 e4 38. Rg1 Re7 39. Rd1+ Kc6 40. Kd2 Rb7 41. Rb1 Kd5 42. Kc3 f5 43. Rd1+ Ke5 44. Rg1 Kd5 45. Rg5 Ke5 46. Kc4 Rb4+ 47. Kxc5 Rxb3 48. Rxg7 Rh3 49. Rh7 Kf4 50. a5 Rh2 51. a6 Rxf2 52. Rg7 Ra2 53. Kb6 e3 54. h6 Rh2 55. h7 e2 56. Re7 Rxh7 57. Rxe2 Kf3 58. Ra2 Rh8 59. a7 f4 60. a8Q+ Rxa8 61. Rxa8 Ke3 62. Kc5 f3 63. Ra3+ Ke4 64. Ra4+ Ke3 65. Kd5 f2 66. Ra1 Ke2 67. Ke4 f1Q 68. Ra2+ Kd1 69. Ra1+ Ke2 1/2-1/2

[Event "DEN-ch cand"]
[Site "Svendborg"]
[Date "2019.04.19"]
[Round "4"]
[White "Christensen, Lars"]
[Black "Stolberg Rohr, Thomine"]
[Result "0-1"]
[WhiteElo "2042"]
[BlackElo "2039"]
[PlyCount "60"]
[EventDate "2019.04.16"]
[EventType "swiss"]
[EventRounds "7"]
[EventCountry "DEN"]
[SourceTitle "EXT 2020"]
[Source "ChessBase"]
[SourceDate "2019.10.17"]
[SourceVersion "1"]
[SourceVersionDate "2019.10.17"]
[SourceQuality "1"]

1. d4 g6 2. Nf3 Bg7 3. c3 d6 4. e4 Nf6 5. Nbd2 0-0 6. Be2 Nc6 7. d5 Nb8 8. h4 Bg4 9. Ng5 Bxe2 10. Qxe2 h6 11. Nh3 c6 12. c4 Nbd7 13. Nf4 Nc5 14. Nd3 Nfd7 15. Rb1 e6 16. dxe6 Nxe6 17. Nb3 Re8 18. Be3 Nb6 19. c5 Nc4 20. cxd6 Qxd6 21. Rd1 Nxe3 22. Qxe3 Rad8 23. 0-0 Nd4 24. e5 Qd5 25. Nxd4 Qxd4 26. Qxd4 Rxd4 27. f4 Red8 28. Rf3 c5 29. b3 b5 30. Rff1 Rxd3 0-1

[Event "DEN-ch cand"]
[Site "Svendborg"]
[Date "2019.04.17"]
[Round "2"]
[White "Moe, Mogens"]
[Black "Christensen, Lars"]
[Result "1-0"]
[WhiteElo "2140"]
[BlackElo "2042"]
[PlyCount "111"]
[EventDate "2019.04.16"]
[EventType "swiss"]
[EventRounds "7"]
[EventCountry "DEN"]
[SourceTitle "EXT 2020"]
[Source "ChessBase"]
[SourceDate "2019.10.17"]
[SourceVersion "1"]
[SourceVersionDate "2019.10.17"]
[SourceQuality "1"]

1. e4 c5 2. Nf3 Nc6 3. d4 cxd4 4. Nxd4 g6 5. Nc3 Bg7 6. Be3 d6 7. Bc4 Nf6 8. h3 a6 9. Bb3 Bd7 10. 0-0 b5 11. a4 b4 12. Nd5 Rb8 13. Qd3 a5 14. Nxf6+ Bxf6 15. Nxc6 Bxc6 16. Qc4 Kd7 17. Qxf7 Bxb2 18. Rad1 Qf8 19. Qc4 Qf6 20. f4 Rhc8 21. e5 Qf5 22. Qe2 Qe4 23. Qf2 Kc7 24. exd6+ exd6 25. Rfe1 Qf5 26. Bd4 Bxd4 27. Qxd4 Qc5 28. Re7+ Kb6 29. Rxh7 Re8 30. Rg7 Be4 31. Kh2 Qxd4 32. Rxd4 Rbd8 33. Bf7 Re7 34. Bxg6 Rxg7 35. Bxe4 Rc7 36. f5 d5 37. Bd3 Rc3 38. Be4 Kc5 39. Rd2 d4 40. f6 Rf8 41. Rf2 b3 42. cxb3 d3 43. Rf5+ Kd4 44. Bf3 Rxb3 45. Kg3 Rb4 46. Kf4 Rxa4 47. Kg5 Ra1 48. Kg6 Rf1 49. Rxa5 Rd8 50. Ra2 Ke5 51. f7 Rc1 52. Ra5+ Ke6 53. Bg4+ Kd6 54. Ra3 Ke7 55. Kg7 d2 56. Re3+ 1-0

[Event "DEN-ch cand"]
[Site "Svendborg"]
[Date "2019.04.16"]
[Round "1"]
[White "Christensen, Lars"]
[Black "Hoyer, Jacob"]
[Result "0-1"]
[WhiteElo "2042"]
[BlackElo "2201"]
[PlyCount "70"]
[EventDate "2019.04.16"]
[EventType "swiss"]
[EventRounds "7"]
[EventCountry "DEN"]
[SourceTitle "EXT 2020"]
[Source "ChessBase"]
[SourceDate "2019.10.17"]
[SourceVersion "1"]
[SourceVersionDate "2019.10.17"]
[SourceQuality "1"]

1. d4 Nf6 2. Nf3 g6 3. e3 Bg7 4. Bd3 d5 5. Nbd2 Nbd7 6. c3 0-0 7. e4 dxe4 8. Nxe4 Nxe4 9. Bxe4 c5 10. 0-0 cxd4 11. cxd4 Nf6 12. Bc2 Be6 13. Re1 Rc8 14. Ne5 Qb6 15. Rb1 Bxa2 16. Ra1 Be6 17. Ra3 Rfd8 18. Nf3 a6 19. Bb3 Rxc1 20. Qxc1 Bxb3 21. Qc5 Qxc5 22. dxc5 Be6 23. c6 bxc6 24. Rxa6 Bd5 25. Rd1 Rc8 26. Ra7 Ne4 27. b4 Rb8 28. Rxe7 Bf6 29. Rd7 Rxb4 30. h3 Rb2 31. Rf1 Kg7 32. Ra7 Nd2 33. Nxd2 Rxd2 34. Ra4 Bd4 35. Kh2 Rxf2 0-1

[Event "Faxe EMT"]
[Site "Faxe"]
[Date "2012.05.16"]
[Round "7"]
[White "Christensen, Lars"]
[Black "Frederiksen, Uffe"]
[Result "1-0"]
[WhiteElo "1901"]
[BlackElo "1712"]
[PlyCount "55"]
[EventDate "2012.03.28"]
[EventType "swiss"]
[EventRounds "7"]
[EventCountry "DEN"]
[SourceTitle "EXT 2023"]
[Source "ChessBase"]
[SourceDate "2022.10.05"]
[SourceVersion "1"]
[SourceVersionDate "2022.10.05"]
[SourceQuality "1"]

1. e4 c5 2. Nf3 Nc6 3. d4 cxd4 4. c3 d3 5. Bxd3 d6 6. b3 Nf6 7. 0-0 Bg4 8. Nbd2 Ne5 9. Nxe5 dxe5 10. Bb5+ Bd7 11. Qe2 Qc7 12. Bb2 a6 13. Bxd7+ Nxd7 14. Nc4 e6 15. Rfd1 b5 16. Nd2 Be7 17. a4 Rb8 18. axb5 axb5 19. Ra2 0-0 20. Rda1 f6 21. b4 Qc6 22. Ra6 Rb6 23. Ra7 Rd8 24. Nb3 Qc4 25. Qxc4 bxc4 26. Na5 Kf8 27. Kf1 Rbb8 28. Nc6 1-0

[Event "Faxe Eftermiddag-A"]
[Site "Faxe"]
[Date "2011.09.21"]
[Round "3"]
[White "Christensen, Lars"]
[Black "Andersen, Bjarne Hjorth"]
[Result "0-1"]
[WhiteElo "1885"]
[BlackElo "1968"]
[PlyCount "92"]
[EventDate "2011.08.07"]
[EventType "tourn"]
[EventRounds "5"]
[EventCountry "DEN"]
[SourceTitle "EXT 2023"]
[Source "ChessBase"]
[SourceDate "2022.10.05"]
[SourceVersion "1"]
[SourceVersionDate "2022.10.05"]
[SourceQuality "1"]

1. e4 c6 2. d4 d5 3. e5 Bf5 4. g4 Bd7 5. Nd2 e6 6. Nb3 a5 7. a4 Na6 8. Bd2 b6 9. Nf3 c5 10. dxc5 Nxc5 11. Nbd4 Nxa4 12. Rxa4 Bxa4 13. Bd3 Bc5 14. Nb5 Qd7 15. Qe2 Ne7 16. b3 Bxb5 17. Bxb5 Nc6 18. c3 0-0 19. 0-0 Qb7 20. h4 Be7 21. h5 h6 22. Bd3 Qc7 23. Bb1 f5 24. exf6 Rxf6 25. Qd3 Kf8 26. Re1 Bd6 27. g5 hxg5 28. Bxg5 Qf7 29. Bxf6 Qxf6 30. c4 Ne5 31. Nxe5 Bxe5 32. Qg6 dxc4 33. Qe4 Rd8 34. bxc4 Qf4 35. Bc2 Qh2+ 36. Kf1 Qh3+ 37. Qg2 Qc3 38. Bg6 Qxc4+ 39. Kg1 Qd5 40. Be4 Qd2 41. Rf1 Qf4 42. Re1 a4 43. Qg6 Rd2 44. Qg2 Bd4 45. Rf1 a3 46. Bg6 Bxf2+ 0-1

[Event "Faxe Eftermiddag-A"]
[Site "Faxe"]
[Date "2011.09.07"]
[Round "1"]
[White "Arendal, Gustav"]
[Black "Christensen, Lars"]
[Result "1/2-1/2"]
[WhiteElo "1801"]
[BlackElo "1885"]
[PlyCount "106"]
[EventDate "2011.08.07"]
[EventType "tourn"]
[EventRounds "5"]
[EventCountry "DEN"]
[SourceTitle "EXT 2023"]
[Source "ChessBase"]
[SourceDate "2022.10.05"]
[SourceVersion "1"]
[SourceVersionDate "2022.10.05"]
[SourceQuality "1"]

1. e4 d5 2. exd5 Qxd5 3. Nc3 Qa5 4. d4 c6 5. Bc4 Nf6 6. Nf3 Bg4 7. h3 Bxf3 8. Qxf3 e6 9. a3 Nbd7 10. Bd2 Qc7 11. 0-0 a5 12. Rfe1 Be7 13. Ne4 Nxe4 14. Rxe4 Nf6 15. Rf4 0-0-0 16. Qc3 g5 17. Rf3 g4 18. Bf4 Qb6 19. hxg4 Ne4 20. Qb3 Qxd4 21. Bxe6+ fxe6 22. Qxe6+ Qd7 23. Qxe4 Rhe8 24. Qe5 Bd6 25. Qxd6 Qxd6 26. Bxd6 Rxd6 27. Rf7 h6 28. b4 Re4 29. bxa5 Rxg4 30. Rb1 Ra4 31. Rbxb7 Rxa5 32. Ra7 Rxa7 33. Rxa7 Rd1+ 34. Kh2 Rd2 35. f4 Rxc2 36. Rh7 Rf2 37. Rxh6 Kd7 38. Kg3 Rf1 39. a4 c5 40. Rh7+ Kc6 41. Rh6+ Kd5 42. a5 c4 43. Rh8 Ra1 44. Kf3 Ra3+ 45. Ke2 Ke4 46. Rc8 Ra2+ 47. Kd1 Kd3 48. Rd8+ Ke3 49. Rc8 Rxg2 50. a6 Ra2 51. Rxc4 Kd3 52. Rc6 Ra1+ 53. Rc1 Rxa6 1/2-1/2

[Event "Faxe Eftermiddag-A"]
[Site "Faxe"]
[Date "2010.09.22"]
[Round "1"]
[White "Andersen, Bjarne Hjorth"]
[Black "Christensen, Lars"]
[Result "1/2-1/2"]
[WhiteElo "1867"]
[BlackElo "1903"]
[PlyCount "128"]
[EventDate "2010.09.22"]
[EventType "tourn"]
[EventRounds "5"]
[EventCountry "DEN"]
[SourceTitle "EXT 2023"]
[Source "ChessBase"]
[SourceDate "2022.10.05"]
[SourceVersion "1"]
[SourceVersionDate "2022.10.05"]
[SourceQuality "1"]

1. e4 d5 2. exd5 Qxd5 3. Nc3 Qa5 4. d4 c6 5. Nf3 Nf6 6. Ne5 Bf5 7. Bc4 e6 8. 0-0 Be7 9. Bd3 Bxd3 10. Qxd3 Nbd7 11. Nxd7 Nxd7 12. Ne4 Nf6 13. c3 Rd8 14. Nxf6+ Bxf6 15. Qe4 Qd5 16. Qxd5 cxd5 17. Bf4 Be7 18. Rfe1 Rc8 19. Re2 Rc6 20. Rae1 b5 21. a3 a5 22. Bd2 b4 23. axb4 axb4 24. Ra1 0-0 25. Ra7 Bf6 26. f4 g6 27. Re1 Rfc8 28. Rb7 bxc3 29. bxc3 Ra6 30. Reb1 Ra2 31. R7b2 Rca8 32. Kf2 Kg7 33. Ke2 h5 34. Kd3 Rxb2 35. Rxb2 Ra1 36. Be3 Be7 37. Rb7 Bd8 38. Rb2 Ba5 39. Rc2 Ra3 40. Bc1 Ra1 41. Be3 Bc7 42. h3 h4 43. Rc1 Ra2 44. Rc2 Rxc2 45. Kxc2 Kf6 46. Kd3 Kf5 47. Bf2 Bd8 48. Ke3 Ba5 49. Kd3 Kxf4 50. Bxh4 g5 51. Bf2 Bd8 52. Be1 g4 53. hxg4 Kxg4 54. Bf2 Bh4 55. Bxh4 Kxh4 56. c4 dxc4+ 57. Kxc4 Kg3 58. d5 exd5+ 59. Kxd5 Kf4 60. Kd6 Ke4 61. Ke7 f5 62. Kf6 f4 63. Kg5 f3 64. gxf3+ Kxf3 1/2-1/2

[Event "Faxe EMT"]
[Site "Faxe"]
[Date "2010.04.05"]
[Round "3"]
[White "Hansen, Borge"]
[Black "Christensen, Lars"]
[Result "0-1"]
[WhiteElo "1525"]
[BlackElo "1992"]
[PlyCount "108"]
[EventDate "2010.03.17"]
[EventType "swiss"]
[EventRounds "7"]
[EventCountry "DEN"]
[SourceTitle "EXT 2023"]
[Source "ChessBase"]
[SourceDate "2022.10.05"]
[SourceVersion "1"]
[SourceVersionDate "2022.10.05"]
[SourceQuality "1"]

1. d4 d5 2. c4 c6 3. e3 Nf6 4. h3 e6 5. Nc3 Nbd7 6. Nf3 Bd6 7. Bd3 a6 8. Bd2 dxc4 9. Bxc4 c5 10. dxc5 Nxc5 11. 0-0 b5 12. Be2 Bb7 13. a3 Rc8 14. Rc1 Ke7 15. b4 Nce4 16. Nxe4 Nxe4 17. Rxc8 Qxc8 18. Qc1 Rd8 19. Rd1 Nxd2 20. Nxd2 Be5 21. Qxc8 Rxc8 22. Nb3 Bd6 23. Rc1 e5 24. Bd3 Rxc1+ 25. Nxc1 e4 26. Bc2 Be5 27. Nb3 f5 28. Nc5 Bc8 29. a4 Bc3 30. axb5 axb5 31. Bd1 Bxb4 32. Nb3 Bc3 33. Be2 Bd7 34. f3 Kd6 35. g4 g6 36. Kf2 exf3 37. Kxf3 Be6 38. Nd4 fxg4+ 39. hxg4 Bxd4 40. exd4 Bc4 41. Bd1 b4 42. Ke3 b3 43. Kd2 h6 44. Kc3 Bd5 45. Be2 Ke6 46. Bd1 Kf6 47. Be2 Kg5 48. Bd1 h5 49. gxh5 gxh5 50. Bxb3 Bxb3 51. Kxb3 h4 52. d5 h3 53. d6 Kf6 54. d7 Ke7 0-1

[Event "Faxe EMT"]
[Site "Faxe"]
[Date "2009.05.06"]
[Round "7"]
[White "Larsen, Paul M"]
[Black "Christensen, Lars"]
[Result "1-0"]
[WhiteElo "1613"]
[BlackElo "1998"]
[PlyCount "106"]
[EventDate "2009.03.18"]
[EventType "swiss"]
[EventRounds "7"]
[EventCountry "DEN"]
[SourceTitle "EXT 2023"]
[Source "ChessBase"]
[SourceDate "2022.10.05"]
[SourceVersion "1"]
[SourceVersionDate "2022.10.05"]
[SourceQuality "1"]

1. e4 e6 2. d4 d5 3. e5 c5 4. f4 Nc6 5. Nf3 c4 6. c3 a5 7. a4 Rb8 8. Be2 b5 9. axb5 Rxb5 10. Na3 Rb6 11. 0-0 Bd7 12. Kh1 g6 13. Qe1 Be7 14. Qf2 Nh6 15. f5 Nxf5 16. g4 Qb8 17. gxf5 exf5 18. Bg5 Bxg5 19. Nxg5 h6 20. Bxc4 Rxb2 21. Rab1 Rxf2 22. Rxb8+ Nxb8 23. Rxf2 dxc4 24. Rb2 Ke7 25. Nh3 Be6 26. Nf4 Rc8 27. Rb7+ Bd7 28. d5 g5 29. Nh5 Kf8 30. Nf6 Ba4 31. Kg1 Na6 32. Nb5 Nc5 33. Rxf7+ Kxf7 34. Nd6+ Kf8 35. Nxc8 Ne4 36. Nxe4 fxe4 37. Kf2 Bc2 38. d6 e3+ 39. Kxe3 Bf5 40. Ne7 Be6 41. Nc6 a4 42. Nd4 Bd5 43. Nc2 Ke8 44. Kd4 Be6 45. Kc5 h5 46. Kb4 g4 47. Ne3 h4 48. Nf1 Kd7 49. Kxa4 Kc6 50. Kb4 Kd5 51. Ne3+ Kxe5 52. Nxc4+ Bxc4 53. d7 g3 1-0

[Event "Faxe EMT"]
[Site "Faxe"]
[Date "2009.04.28"]
[Round "6"]
[White "Christensen, Lars"]
[Black "Andersen, Bjarne Hjorth"]
[Result "1-0"]
[WhiteElo "1998"]
[BlackElo "1881"]
[PlyCount "45"]
[EventDate "2009.03.18"]
[EventType "swiss"]
[EventRounds "7"]
[EventCountry "DEN"]
[SourceTitle "EXT 2023"]
[Source "ChessBase"]
[SourceDate "2022.10.05"]
[SourceVersion "1"]
[SourceVersionDate "2022.10.05"]
[SourceQuality "1"]

1. e4 c6 2. d4 d5 3. e5 Bf5 4. g4 Bd7 5. Bd3 e6 6. c3 c5 7. Be3 Nc6 8. Ne2 Rc8 9. Nd2 cxd4 10. Bxd4 Nxd4 11. Nxd4 a6 12. h4 Be7 13. N2f3 Qb6 14. Qe2 Bc5 15. 0-0 Ne7 16. Kg2 Ng6 17. Bxg6 hxg6 18. Rh1 Ke7 19. Nb3 Qc7 20. Nxc5 Qxc5 21. Nd4 Rh7 22. Qe3 Rch8 23. Nf5+ 1-0

[Event "Faxe EMT"]
[Site "Faxe"]
[Date "2008.04.16"]
[Round "3"]
[White "Christensen, Lars"]
[Black "Sorensen, Soren"]
[Result "1-0"]
[WhiteElo "1966"]
[BlackElo "1866"]
[PlyCount "37"]
[EventDate "2008.03.26"]
[EventType "swiss"]
[EventRounds "7"]
[EventCountry "DEN"]
[SourceTitle "EXT 2023"]
[Source "ChessBase"]
[SourceDate "2022.10.05"]
[SourceVersion "1"]
[SourceVersionDate "2022.10.05"]
[SourceQuality "1"]

1. e4 e5 2. f4 exf4 3. Nf3 g5 4. Bc4 h5 5. Ne5 Rh7 6. Bxf7+ Rxf7 7. Nxf7 Kxf7 8. Qxh5+ Kg7 9. h4 Be7 10. b3 d5 11. hxg5 Bxg5 12. Qh8+ Kf8 13. Rh7 Bf6 14. Ba3+ Qd6 15. Qxf6+ Nxf6 16. Rxc7 Nxe4 17. Rxc8+ Kf7 18. Bxd6 Nxd6 19. Rh8 1-0

[Event "Faxe EMT"]
[Site "Faxe"]
[Date "2007.05.21"]
[Round "6"]
[White "Jensen, Leif"]
[Black "Christensen, Lars"]
[Result "1/2-1/2"]
[WhiteElo "2057"]
[BlackElo "1974"]
[PlyCount "121"]
[EventDate "2007.03.21"]
[EventType "swiss"]
[EventRounds "7"]
[EventCountry "DEN"]
[SourceTitle "EXT 2023"]
[Source "ChessBase"]
[SourceDate "2022.10.05"]
[SourceVersion "1"]
[SourceVersionDate "2022.10.05"]
[SourceQuality "1"]

1. e4 d5 2. exd5 Qxd5 3. Qf3 Nf6 4. c3 c6 5. d4 Bg4 6. Qxd5 cxd5 7. Bf4 Nc6 8. Nd2 a6 9. Ngf3 Rc8 10. Ne5 Nxe5 11. Bxe5 Nd7 12. Bg3 g6 13. Nb3 Bg7 14. Bd3 Bf5 15. Bxf5 gxf5 16. f3 b6 17. 0-0 f6 18. Rfe1 Kf7 19. Rad1 h5 20. Re2 e6 21. Nc1 Rhe8 22. Nd3 Bh6 23. Rde1 Nf8 24. Bd6 Ng6 25. Bg3 a5 26. Bf2 Rc6 27. Be3 Bg7 28. Bf4 Rh8 29. Kf2 Re8 30. Kf1 Bf8 31. Bd2 Bd6 32. f4 Bc7 33. Kf2 Ne7 34. Kf3 Nc8 35. Rc1 Nd6 36. Be1 Ne4 37. Rec2 b5 38. b3 Bd6 39. c4 dxc4 40. bxc4 bxc4 41. Rxc4 Ra6 42. Rc6 Rea8 43. a4 Ke7 44. Rxa6 Rxa6 45. Rb1 Bc7 46. Rb3 Kd6 47. Ke3 Bb6 48. Nb2 Kc6 49. Nc4 Bc7 50. Kd3 Nd6 51. g3 Nb7 52. Rb5 Nd6 53. Rc5+ Kd7 54. Bxa5 Bxa5 55. Rxa5 Rc6 56. Ra7+ Ke8 57. Nxd6+ Rxd6 58. a5 e5 59. fxe5 fxe5 60. a6 Rxd4+ 61. Ke3 1/2-1/2

[Event "Faxe EMT"]
[Site "Faxe"]
[Date "2007.03.21"]
[Round "1"]
[White "Christensen, Lars"]
[Black "Christoffersen, Ib"]
[Result "1-0"]
[WhiteElo "1974"]
[BlackElo "1380"]
[PlyCount "49"]
[EventDate "2007.03.21"]
[EventType "swiss"]
[EventRounds "7"]
[EventCountry "DEN"]
[SourceTitle "EXT 2023"]
[Source "ChessBase"]
[SourceDate "2022.10.05"]
[SourceVersion "1"]
[SourceVersionDate "2022.10.05"]
[SourceQuality "1"]

1. e4 e5 2. f4 Nc6 3. Nf3 d6 4. Bc4 Be7 5. c3 Bg4 6. d4 Bf6 7. fxe5 dxe5 8. d5 Nce7 9. Qb3 Qc8 10. 0-0 Ng6 11. Be3 Nf4 12. Bxf4 exf4 13. e5 Bd8 14. Nbd2 Nh6 15. e6 0-0 16. Ne5 fxe6 17. dxe6 Be7 18. Nd7 Rf5 19. Bd3 Rg5 20. Rxf4 Bh3 21. Be4 c6 22. Raf1 Qc7 23. Rf8+ Rxf8 24. Rxf8+ Bxf8 25. e7+ 1-0

[Event "Lovsprings op 10th"]
[Site "Ringsted"]
[Date "1998.04.24"]
[Round "5"]
[White "Christensen, Lars"]
[Black "Krogh, Peter Ove"]
[Result "1-0"]
[WhiteElo "1990"]
[BlackElo "2019"]
[PlyCount "71"]
[EventDate "1998.03.13"]
[EventType "swiss"]
[EventRounds "7"]
[EventCountry "DEN"]
[SourceTitle "EXT 2018"]
[Source "ChessBase"]
[SourceDate "2017.10.13"]
[SourceVersion "1"]
[SourceVersionDate "2017.10.13"]
[SourceQuality "1"]

1. e4 c5 2. c3 Nf6 3. e5 Nd5 4. Nf3 d6 5. Bc4 Nc7 6. Bxf7+ Kxf7 7. Ng5+ Kg8 8. Qf3 Qe8 9. 0-0 Qg6 10. d4 h6 11. Ne4 Nc6 12. Bf4 Bg4 13. Qg3 Bf5 14. exd6 Bxe4 15. dxc7 Qxg3 16. Bxg3 cxd4 17. b4 Bxb1 18. Raxb1 dxc3 19. b5 Nd4 20. Rbd1 Ne2+ 21. Kh1 Nxg3+ 22. fxg3 Rc8 23. Rd8 Rxc7 24. Rfxf8+ Kh7 25. Rxh8+ Kg6 26. Rc8 Rd7 27. h3 Rd3 28. Rhf8 e5 29. Kg1 e4 30. Kf2 Rd2+ 31. Ke3 Rxg2 32. Rxc3 Rxg3+ 33. Kd4 Rg2 34. a4 Ra2 35. h4 e3 36. Re8 1-0

[Event "Lovsprings op 10th"]
[Site "Ringsted"]
[Date "1998.03.13"]
[Round "1"]
[White "Foli, Karsten"]
[Black "Christensen, Lars"]
[Result "1/2-1/2"]
[WhiteElo "1932"]
[BlackElo "1990"]
[PlyCount "81"]
[EventDate "1998.03.13"]
[EventType "swiss"]
[EventRounds "7"]
[EventCountry "DEN"]
[SourceTitle "EXT 2018"]
[Source "ChessBase"]
[SourceDate "2017.10.13"]
[SourceVersion "1"]
[SourceVersionDate "2017.10.13"]
[SourceQuality "1"]

1. e4 c5 2. Nf3 d6 3. d4 cxd4 4. c3 dxc3 5. Nxc3 Nc6 6. Bc4 Nf6 7. 0-0 h6 8. Qe2 e5 9. Rd1 a6 10. a4 Be7 11. h3 Bd7 12. Be3 0-0 13. Nh2 Rc8 14. f4 Na5 15. Ba2 Rxc3 16. bxc3 Bxa4 17. Bxf7+ Rxf7 18. Rxa4 b5 19. fxe5 bxa4 20. exf6 Bxf6 21. Qxa6 Nb7 22. Qxa4 Bxc3 23. Qb3 Bf6 24. Ng4 h5 25. Nf2 Qe7 26. Qc4 Be5 27. Nd3 Bf6 28. Rf1 Nd8 29. Nf4 Bg5 30. Nd5 Rxf1+ 31. Kxf1 Qf7+ 32. Ke2 Ne6 33. Bxg5 Nxg5 34. Ne3 Qxc4+ 35. Nxc4 Nxe4 36. Ke3 d5 37. Ne5 Kf8 38. Kd4 Nf6 39. Ng6+ Kf7 40. Nf4 g6 41. Nxd5 1/2-1/2

[Event "Lovsprings op 09th"]
[Site "Ringsted"]
[Date "1997.04.18"]
[Round "5"]
[White "Haar, Bjarne"]
[Black "Christensen, Lars"]
[Result "1-0"]
[WhiteElo "1903"]
[BlackElo "2025"]
[PlyCount "87"]
[EventDate "1997.03.14"]
[EventType "swiss"]
[EventRounds "7"]
[EventCountry "DEN"]
[SourceTitle "EXT 2018"]
[Source "ChessBase"]
[SourceDate "2017.10.13"]
[SourceVersion "1"]
[SourceVersionDate "2017.10.13"]
[SourceQuality "1"]

1. e4 c5 2. Nf3 d6 3. d4 cxd4 4. Nxd4 Nf6 5. Nc3 g6 6. Bg5 Bg7 7. Qd2 Bd7 8. f4 Nc6 9. Nb3 a6 10. 0-0-0 b5 11. Bd3 Nb4 12. e5 dxe5 13. fxe5 Ng4 14. Ne4 Nxd3+ 15. Qxd3 Nxe5 16. Qg3 Qc8 17. Rhe1 Bf5 18. Nbc5 Qc6 19. Qe3 0-0 20. Bxe7 Nc4 21. Qf3 Rfc8 22. Rd8+ Rxd8 23. Nf6+ Qxf6 24. Bxf6 Bxf6 25. Nd3 Bg5+ 26. Nf4 Rac8 27. Rd1 Rxd1+ 28. Kxd1 Nxb2+ 29. Ke1 Rxc2 30. g4 Rc1+ 31. Kd2 Rd1+ 32. Ke2 Bb1 33. Qa8+ Rd8 34. Qf3 Re8+ 35. Kf2 Kg7 36. Qc3+ Bf6 37. Qc1 Be4 38. g5 Bd4+ 39. Kg3 Ba8 40. h4 Be5 41. Kg4 Nc4 42. h5 Ne3+ 43. Qxe3 b4 44. Nd3 1-0

[Event "Lovsprings op 09th"]
[Site "Ringsted"]
[Date "1997.04.04"]
[Round "3"]
[White "Christensen, Lars"]
[Black "Bromann, Thorbjorn"]
[Result "0-1"]
[WhiteElo "2025"]
[BlackElo "2216"]
[PlyCount "118"]
[EventDate "1997.03.14"]
[EventType "swiss"]
[EventRounds "7"]
[EventCountry "DEN"]
[SourceTitle "EXT 2018"]
[Source "ChessBase"]
[SourceDate "2017.10.13"]
[SourceVersion "1"]
[SourceVersionDate "2017.10.13"]
[SourceQuality "1"]

1. e4 e6 2. Nf3 d5 3. e5 Bd7 4. a3 a5 5. Nc3 c5 6. Bb5 Ne7 7. 0-0 Ng6 8. Re1 Be7 9. d4 0-0 10. Bd3 Nc6 11. Bxg6 hxg6 12. dxc5 Bxc5 13. Ng5 f6 14. exf6 Qxf6 15. Rf1 Bxf2+ 16. Kh1 Qd4 17. Qe2 Bh4 18. Nf3 Qg4 19. Be3 Bf6 20. Bc5 Rfc8 21. Qb5 b6 22. Bg1 Be8 23. Rae1 Bf7 24. Qxb6 e5 25. Qf2 e4 26. Nd2 Nd4 27. Nb3 Nf5 28. Qf4 Qxf4 29. Rxf4 Be5 30. Rf2 a4 31. Nc1 Bxc3 32. bxc3 Rxc3 33. Rd2 Rxa3 34. g4 Nh6 35. Bc5 Rf3 36. Rg2 Be6 37. Ne2 Bxg4 38. c3 Rf7 39. Nd4 Rc7 40. Bb4 Rc4 41. Rd2 Rcc8 42. Nb5 Be6 43. Rg1 Rab8 44. Nd4 Bf7 45. Ne2 Nf5 46. Ra1 Rc4 47. Rxa4 d4 48. Ra5 d3 49. Ng3 Re8 50. Ra1 Bd5 51. Kg1 Nh4 52. Rdd1 Nf3+ 53. Kh1 d2 54. Ra5 Bc6 55. Ne2 e3 56. Kg2 Nd4+ 57. Kf1 Nxe2 58. Kxe2 Bf3+ 59. Kxf3 e2 0-1

[Event "Lovsprings op 08th"]
[Site "Ringsted"]
[Date "1996.03.29"]
[Round "4"]
[White "Pedersen, Hans Dahl"]
[Black "Christensen, Lars"]
[Result "1-0"]
[WhiteElo "2091"]
[BlackElo "2020"]
[PlyCount "91"]
[EventDate "1996.03.08"]
[EventType "swiss"]
[EventRounds "7"]
[EventCountry "DEN"]
[SourceTitle "EXT 2018"]
[Source "ChessBase"]
[SourceDate "2017.10.13"]
[SourceVersion "1"]
[SourceVersionDate "2017.10.13"]
[SourceQuality "1"]

1. d4 Nf6 2. Nf3 c5 3. e3 g6 4. Bd3 Bg7 5. 0-0 cxd4 6. exd4 0-0 7. c3 d5 8. Re1 Bg4 9. Nbd2 Qd7 10. Qb3 Nc6 11. Bb5 Bxf3 12. Nxf3 Ne4 13. Bd3 Nf6 14. Bf4 Nh5 15. Bg5 f6 16. Bd2 Kh8 17. c4 dxc4 18. Bxc4 Nxd4 19. Nxd4 Qxd4 20. Bb4 Rfc8 21. Be6 Rc7 22. Rad1 Qb6 23. Qa3 Rc2 24. Rd2 Rxd2 25. Bxd2 Bf8 26. Bb4 Nf4 27. Bc4 Qc6 28. Bf1 Nd5 29. Bd2 e5 30. Qb3 Rd8 31. a3 Qb6 32. Qc2 Bc5 33. Bc1 a5 34. Rd1 Bd4 35. Rd3 Qc5 36. Qxc5 Bxc5 37. g3 e4 38. Rd1 Bb6 39. Bc4 Ne7 40. Re1 f5 41. Bg5 Bd4 42. Bxe7 Rd7 43. Bg5 Bxb2 44. Rb1 Bc3 45. Rc1 Be5 46. Be6 1-0